Statistics for Chris's General Knowledge Quiz #12

Click here to take the quiz!

General Stats

  • This quiz has been taken 25 times
  • The average score is 7 of 20

Answer Stats

Question Answer % Correct
Pebble Beach is a famous venue in what sport?Golf
58%
Chaitra is the first month of the year in what religion?Hinduism
58%
Sheridan Hope was the original name of which fictional detective?Sherlock Holmes
58%
PEK and SHA are airport codes in which country?China
58%
What is the last word of the nursery rhyme 'Little Miss Muffet'?Away
54%
The Shagya-Arabian is a breed of which animal?Horse
54%
Comedian Frankie Boyle was born in what city?Glasgow
54%
Name the actors who played The Wet Bandits Harry and Marv in the 'Home Alone' filmsJoe Pesci
46%
Which explorer brought the pineapple to Europe?Christopher Columbus
38%
What game can begin with a 'Coca-Cola Gambit'?Chess
29%
Who has the longest entry in the 'Oxford Dictionary of National Biography'?William Shakespeare
25%
In 1882, the Ashes were 'created' after Australia's first ever Test cricket victory in England at which ground?The Oval
25%
Which band had worldwide success with the song 'Bamboléo'?The Gipsy Kings
21%
Tygra and Pumyra were characters in which 1980s cartoon?ThunderCats
21%
Which video game character is known for shouting 'Get over here!'?Scorpion
21%
What was the first single by The Beatles to make the UK Top 40?Love Me Do
17%
Daniel Stern
13%
Which former Prime Minister was Foreign Secretary under Edward Heath?Alec Douglas-Home
8%
Which '90s rap duo comprised of Mac Daddy and Daddy Mac?Kris Kross
8%
What was the name of the first battleship built in Japan?Satsuma
4%

Score Distribution

Percentile by Number Answered

Percent of People with Each Score

Your Score History

You have not taken this quiz